000 00375nam a2200145Ia 4500
008 210716s1991 xx 000 0 und d
041 _aeng
082 _a004 SONS
100 _aSoni, Sanjay; Aggarwal, Vinayak.
245 _aWorld of computers.
250 _a1
260 _aNew Delhi
_bSulthan Chand and Sons
_c1991
300 _avi,409
650 _aComputer Fundamentals
999 _c182244
_d182244